[Event "1800 - 2299 Rated Tournament 2"]
[Site "SchemingMind.com"]
[Date "2022.08.09"]
[Round "-"]
[White "Robert Hatfield"]
[Black "Geoffrey Rosser"]
[Result "0-1"]
[WhiteCountry "USA"]
[BlackCountry "ENG"]
[WhiteElo "1783"]
[WhiteRD "65"]
[BlackElo "1861"]
[BlackRD "61"]
[GameID "725898"]

1. c4 Nf6 2. Nc3 g6 3. d4 d5 4. cxd5 Nxd5 5. e4 Nxc3 6. bxc3 Bg7 7. Bc4 O-O 8. Ne2 Nd7 9. O-O c5 10. Be3 cxd4
11. cxd4 Nb6 12. Bb3 Bg4 13. f3 Bd7 14. Qd2 Bb5 15. Rfd1 Nc4 16. Bxc4 Bxc4 17. Rac1 b5 18. d5 Qd6 19. Nd4 e6 20. dxe6 fxe6
21. Qf2 Rad8 22. g3 e5 23. Ne2 Qxd1+ 24. Rxd1 Rxd1+ 25. Kg2 Bd3 26. Kh3 Bxe4
0-1

[Event "1800 - 2299 Rated Tournament 2"]
[Site "SchemingMind.com"]
[Date "2022.08.09"]
[Round "-"]
[White "Geoffrey Rosser"]
[Black "lawyertheologian"]
[Result "0-1"]
[WhiteCountry "ENG"]
[BlackCountry "USA"]
[WhiteElo "1861"]
[WhiteRD "61"]
[BlackElo "2077"]
[BlackRD "76"]
[GameID "725905"]

1. e4 Nf6 2. Nc3 d5 3. exd5 Nxd5 4. Nxd5 Qxd5 5. Nf3 e5 6. d4 Nc6 7. c3 Bg4 8. Be2 exd4 9. Nxd4 Qxg2 10. Bf3 Bxf3
11. Qxf3 Qxf3 12. Nxf3 O-O-O 13. Bd2 Bc5 14. Rg1 g6 15. Kf1 Ne5 16. Nxe5 Rxd2 17. Rg2 Re8 18. Nc4 Rc2 19. Re1 Rxe1+ 20. Kxe1 b5
21. Ne5 Rxb2 22. Nd3 Rb1+ 23. Kd2 Bd6 24. Ke3 c5 25. f3 a5 26. Rd2 Kc7 27. Re2 c4 28. Nf2 Bxh2 29. Ne4 f5 30. Rxh2 fxe4
31. Rxh7+ Kb6 32. fxe4 b4 33. cxb4 axb4 34. Rd7 c3 35. Rd6+ Kb5 36. Rd5+ Ka4 37. Rc5 Ka3 38. e5 Kb2 39. Kd3 Rd1+ 40. Kc4 c2
41. Kxb4 c1=Q 42. Rxc1 Rxc1
0-1

[Event "1800 - 2299 Rated Tournament 2"]
[Site "SchemingMind.com"]
[Date "2022.08.09"]
[Round "-"]
[White "lawyertheologian"]
[Black "Geoffrey Rosser"]
[Result "1-0"]
[WhiteCountry "USA"]
[BlackCountry "ENG"]
[WhiteElo "2077"]
[WhiteRD "76"]
[BlackElo "1861"]
[BlackRD "61"]
[GameID "725906"]

1. Nc3 Nf6 2. e4 e5 3. Nf3 Nc6 4. Bb5 Nd4 5. Ba4 c6 6. Nxe5 d6 7. Nf3 Ne6 8. d3 Be7 9. O-O b5 10. Bb3 O-O
11. Re1 a5 12. a3 a4 13. Ba2 Ng4 14. d4 Bh4 15. g3 Be7 16. d5 cxd5 17. exd5 Ng5 18. Bxg5 Bxg5 19. Nxb5 Qb6 20. Qd4 Qxb5
21. Nxg5 Rb8 22. b4 Ne5 23. f4 Ng6 24. Ne4 Qd7 25. c4 Qg4 26. Nf2 Nh4 27. Nxg4 Nf3+ 28. Kf2 Nxd4 29. Ne3 Bd7 30. Rad1 Nf5
31. Nxf5 Bxf5 32. Rd2 h6 33. c5 dxc5 34. bxc5 Rb5 35. Rc1 Rfb8 36. c6 Rb2 37. Rd1 Be4 38. c7 Rxd2+ 39. Rxd2 Rc8 40. d6
1-0

[Event "1800 - 2299 Rated Tournament 2"]
[Site "SchemingMind.com"]
[Date "2022.08.14"]
[Round "-"]
[White "The Stonewall"]
[Black "lawyertheologian"]
[Result "1-0"]
[WhiteCountry "ENG"]
[BlackCountry "USA"]
[WhiteElo "2319"]
[WhiteRD "73"]
[BlackElo "2077"]
[BlackRD "76"]
[GameID "725907"]

1. e4 Nf6 2. e5 Nd5 3. d4 d6 4. c4 Nb6 5. f4 dxe5 6. fxe5 c5 7. d5 e6 8. Nc3 exd5 9. cxd5 c4 10. d6 Nc6
11. Nf3 Bg4 12. Bf4 g5 13. Ne4 gxf4 14. Nf6+ Qxf6 15. exf6 O-O-O 16. Qc1 Re8+ 17. Kf2 Bxd6 18. Bxc4 Bc5+ 19. Kf1 Be3 20. Qc3 Bxf3
21. gxf3 Bd4 22. Qc2 Re3 23. Qf5+ Kb8 24. Qxf4+ Ka8 25. Bxf7 Rf8 26. Rg1 a6 27. Rg8 Nd7 28. Rxf8+ Nxf8 29. Rc1 Bb6 30. Bd5 Ng6
31. Qd6 Rd3 32. Rxc6
1-0

[Event "1800 - 2299 Rated Tournament 2"]
[Site "SchemingMind.com"]
[Date "2022.08.14"]
[Round "-"]
[White "lawyertheologian"]
[Black "The Stonewall"]
[Result "0-1"]
[WhiteCountry "USA"]
[BlackCountry "ENG"]
[WhiteElo "2077"]
[WhiteRD "76"]
[BlackElo "2319"]
[BlackRD "73"]
[GameID "725908"]

1. e4 c5 2. Nc3 Nc6 3. f4 g6 4. Nf3 Bg7 5. Bc4 e6 6. f5 Nge7 7. fxe6 dxe6 8. O-O h6 9. d3 b6 10. Bf4 O-O
11. Qd2 g5 12. Bg3 Ng6 13. Rae1 g4 14. Bb5 Bb7
0-1

[Event "1800 - 2299 Rated Tournament 2"]
[Site "SchemingMind.com"]
[Date "2022.08.14"]
[Round "-"]
[White "Uzi Mike"]
[Black "lawyertheologian"]
[Result "1-0"]
[WhiteCountry "USA"]
[BlackCountry "USA"]
[WhiteElo "2207"]
[WhiteRD "104"]
[BlackElo "2040"]
[BlackRD "78"]
[GameID "725909"]

1. d4 f5 2. Nf3 Nf6 3. Bf4 d6 4. c4 g6 5. Nc3 Bg7 6. e3 O-O 7. Bd3 c6 8. Bc2 Nh5 9. O-O Qc7 10. h3 e5
11. Bh2 f4 12. Bb3 Kh8 13. Re1 Nd7 14. Qd2 Bh6 15. Ne4 Ndf6 16. Nxf6 Rxf6 17. dxe5 dxe5 18. exf4 e4 19. Rxe4 Bf5 20. Re5 Rd8
21. Qe3 Rd3 22. Re8+ Rf8 23. Qe5+ Qxe5 24. Rxf8+ Bxf8 25. Nxe5 Rd4 26. g4 Nxf4 27. gxf5 gxf5 28. Nf7+ Kg7 29. Ng5 Ne2+ 30. Kf1 Rd2
31. Be5+ Kg6 32. Nf3
1-0

[Event "1800 - 2299 Rated Tournament 2"]
[Site "SchemingMind.com"]
[Date "2022.08.14"]
[Round "-"]
[White "lawyertheologian"]
[Black "Uzi Mike"]
[Result "0-1"]
[WhiteCountry "USA"]
[BlackCountry "USA"]
[WhiteElo "2040"]
[WhiteRD "78"]
[BlackElo "2207"]
[BlackRD "104"]
[GameID "725910"]

1. e4 e6 2. d4 d5 3. e5 Bd7 4. c3 c5 5. Be3 Nc6 6. Bd3 Qb6 7. Qd2 Nxd4 8. Bxd4 cxd4 9. cxd4 Qxd4 10. Nf3 Qb6
11. O-O Ne7 12. Nc3 g6 13. Qf4 Bg7 14. Ng5 O-O 15. Nxh7 Kxh7 16. Qh4+ Kg8 17. Qxe7 Rad8 18. Rfe1 Qxb2 19. Rac1 Qd2 20. Bb5 Bxb5
21. Nxb5 Bxe5 22. Rcd1 Qb2 23. Nxa7 Bd4
0-1

[Event "1800 - 2299 Rated Tournament 2"]
[Site "SchemingMind.com"]
[Date "2022.08.14"]
[Round "-"]
[White "Transcendent"]
[Black "lawyertheologian"]
[Result "1-0"]
[WhiteCountry "ENG"]
[BlackCountry "USA"]
[WhiteElo "2178"]
[WhiteRD "68"]
[BlackElo "1993"]
[BlackRD "77"]
[GameID "725911"]

1. d4 f5 2. Bg5 c6 3. Nd2 Qb6 4. Ngf3 Nf6 5. Nc4 Qc7 6. e3 b5 7. Nce5 d6 8. Nd3 Nbd7 9. Be2 Ne4 10. O-O e5
11. a4 bxa4 12. Rxa4 Nb6 13. Ra5 Nxg5 14. Nxg5 Be7 15. Nh3 Nd5 16. Qa1 f4 17. c4 Nb6 18. dxe5 Nxc4 19. Ra4 Nxe5 20. Nhxf4 Nxd3
21. Bxd3 O-O 22. Rc1 Qb6 23. Be4 Bb7 24. Bxc6 Bxc6 25. Ra6 Qb7 26. Raxc6 Rac8 27. Rxc8 Rxc8 28. Rxc8+ Qxc8 29. g3 g5 30. Qa2+ Kg7
31. Qxa7 Qc1+ 32. Kg2 Qc6+ 33. Kh3 Kf7 34. Qa2+ Kf8 35. Qd5 Qd7+ 36. Ne6+ Kf7 37. Qf5+ Ke8 38. b4
1-0

[Event "1800 - 2299 Rated Tournament 2"]
[Site "SchemingMind.com"]
[Date "2022.08.14"]
[Round "-"]
[White "lawyertheologian"]
[Black "Transcendent"]
[Result "0-1"]
[WhiteCountry "USA"]
[BlackCountry "ENG"]
[WhiteElo "1993"]
[WhiteRD "77"]
[BlackElo "2178"]
[BlackRD "68"]
[GameID "725912"]

1. Nc3 d5 2. e4 d4 3. Nce2 e5 4. Ng3 Be6 5. Nf3 f6 6. c3 d3 7. Nxe5 fxe5 8. Qh5+ g6 9. Qxe5 Qd7 10. Qxh8 Nc6
11. Bxd3 Qxd3 12. Qxh7 Nge7 13. Qh4 O-O-O 14. Qf4 Bc4 15. b3 Ba6 16. Qe3 Qc2 17. Ne2 Ne5 18. O-O N7c6 19. c4 Nd3 20. Nc3 b6
21. Nd5 Bc5 22. Qh3+ Kb8 23. Ne3 Bxe3 24. Qxe3 Nd4 25. Kh1 Bb7 26. Ba3 Bxe4 27. f3 Bb7 28. Kg1 c5 29. Qg5 Ne2+ 30. Kh1 Re8
31. h3 Bc8 32. Kh2 Bf5 33. g4 Bd7 34. Qd5 Nef4 35. Qd6+ Kc8 36. Bc1 Rh8 37. a3 Rxh3+ 38. Kg1 Rg3+ 39. Kh1 Nf2+
0-1

[Event "1800 - 2299 Rated Tournament 2"]
[Site "SchemingMind.com"]
[Date "2022.08.09"]
[Round "-"]
[White "John Hamer"]
[Black "lawyertheologian"]
[Result "1-0"]
[WhiteCountry "ENG"]
[BlackCountry "USA"]
[WhiteElo "1861"]
[WhiteRD "76"]
[BlackElo "2040"]
[BlackRD "78"]
[GameID "725913"]

1. d4 f5 2. f4 Nf6 3. Nf3 e6 4. e3 b6 5. Be2 Be7 6. O-O O-O 7. c4 Bb7 8. Nc3 Bb4 9. Bd2 d6 10. Rc1 Bxc3
11. Bxc3 Nbd7 12. b3 Ne4 13. Bb2 Ndf6 14. Bd3 Qe8 15. Qe2 Qh5 16. d5 Rae8 17. Nd4 Ng4 18. Nf3 Rf7 19. h3 Ng3 20. Qe1 Nxf1
21. hxg4 fxg4 22. Ng5 g3 23. Nh3 Nh2 24. Qxg3 exd5 25. Qxh2 Rxe3 26. Bf1 Rfe7 27. Bd4 Re1 28. Rxe1 Rxe1 29. Qg3 Re7 30. Bf6 Rd7
31. Bc3 dxc4 32. Bxc4+ d5 33. Bb5 c6 34. Bd3 d4 35. Bc4+ Kh8 36. Be1 Re7 37. Ng5 h6 38. Nf3 c5 39. Ne5 Be4 40. Qf2 Kh7
41. Qd2 g5 42. Be2 Qe8 43. Bg3 Kg7 44. Bd1 Kh8 45. Bg4= Bh7 46. Bf3 Bf5 47. Bd5 Qh5 48. Qe1 Kg7 49. Bf3 Qe8 50. b4 Qa4
51. bxc5 bxc5 52. fxg5 hxg5 53. Qc1 Kf6 54. Qxc5 Qxa2= 55. Qxd4 Ke6 56. Nc6 Qb1+ 57. Bd1 Rd7 58. Qc4+ Kf6 59. Be5+ Kg6 60. Qg8+ Kh6
61. Qf8+ Kh7 62. Qh8+ Kg6 63. Qh5#
1-0

[Event "1800 - 2299 Rated Tournament 2"]
[Site "SchemingMind.com"]
[Date "2022.08.09"]
[Round "-"]
[White "lawyertheologian"]
[Black "John Hamer"]
[Result "1-0"]
[WhiteCountry "USA"]
[BlackCountry "ENG"]
[WhiteElo "2077"]
[WhiteRD "76"]
[BlackElo "1819"]
[BlackRD "71"]
[GameID "725914"]

1. e4 e5 2. Nc3 Nf6 3. Nf3 Bc5 4. Nxe5 d6 5. Nf3 Ng4 6. d4 Bb6 7. Bc4 O-O 8. Bg5 Nf6 9. Nd5 c6 10. Bxf6 gxf6
11. Nxb6 Qxb6 12. Qc1 Re8 13. O-O Bg4 14. c3 Nd7 15. Qf4 Bxf3 16. Qxf3 Qd8 17. Qg4+ Kf8 18. Qh5 Kg7 19. Qxf7+ Kh8 20. Rae1 Nb6
21. Bd3 Nd7 22. f4 Re7 23. Qh5 Rg7 24. e5 dxe5 25. fxe5 fxe5 26. dxe5 Qe7 27. Rf5 Rag8 28. g3 Nc5 29. Bc4 Rc8 30. Rf7 Qxf7
31. Bxf7
1-0

[Event "1800 - 2299 Rated Tournament 2"]
[Site "SchemingMind.com"]
[Date "2022.08.09"]
[Round "-"]
[White "lawyertheologian"]
[Black "Robert Hatfield"]
[Result "1-0"]
[WhiteCountry "USA"]
[BlackCountry "USA"]
[WhiteElo "2089"]
[WhiteRD "81"]
[BlackElo "1777"]
[BlackRD "64"]
[GameID "725915"]

1. Nc3 d5 2. e4 dxe4 3. Nxe4 Nd7 4. Bc4 Ngf6 5. Bxf7+ Kxf7 6. Ng5+ Kg8 7. Ne6 Qe8 8. Nxc7 Qg6 9. Nxa8 b6 10. f3 Bb7
11. Nc7 h6 12. Qe2 Qxc2 13. Ne6
1-0

[Event "1800 - 2299 Rated Tournament 2"]
[Site "SchemingMind.com"]
[Date "2022.08.09"]
[Round "-"]
[White "Robert Hatfield"]
[Black "lawyertheologian"]
[Result "0-1"]
[WhiteCountry "USA"]
[BlackCountry "USA"]
[WhiteElo "1783"]
[WhiteRD "65"]
[BlackElo "2077"]
[BlackRD "76"]
[GameID "725916"]

1. c4 f5 2. Nc3 Nf6 3. d4 e6 4. Qc2 Bb4 5. e3 O-O 6. Bd3 d6 7. Ne2 c5 8. O-O Nc6 9. d5 Ne5 10. Bd2 Nxd3
11. Qxd3 e5 12. a3 Ba5 13. f4 Qe7 14. Qc2 Bd7 15. Rae1 Rae8 16. fxe5 Qxe5 17. Nf4 Bd8 18. b4 Ne4 19. Nxe4 Qxe4 20. Qxe4 Rxe4
21. bxc5 Rxc4 22. cxd6 Rc2 23. Bc1 Rf6 24. Ne6 Bxe6 25. dxe6 Rxe6 26. Rxf5 Rxd6 27. Ref1 Rf6 28. e4 Rxf5 29. exf5 Bb6+ 30. Kh1 Bc5
31. g4 Rc3 32. Bb2 Rb3 33. Rc1 Bf8 34. Rc2 b5 35. Kg2 Be7 36. Rd2 a5 37. Rc2 a4 38. h3 h6
0-1